| 000 | 00000nam##2200000za#4500 |
| 001 | 9.601556 |
| 003 | CaOODSP |
| 005 | 20230511091644 |
| 007 | cr ||||||||||| |
| 008 | 150406|2005||||xxc|||||o f|0| 0 fre|d |
| 040 | |aCaOODSP|bfre |
| 043 | |an-cn--- |
| 086 | 1 |aYC26-0/381-11F-PDF |
| 110 | 1 |aCanada. |bParlement. |bSénat. |bComité sénatorial permanent de l'énergie, de l'environnement et des ressources naturelles. |
| 245 | 10|aRapport du Comité sénatorial permanent de l'Énergie, de l'environnement et des ressources naturelles sur sa mission d'information à Paris et Vienne, 5-10 septembre 2005 / |h[ressource électronique]|cL'honorable Tommy Banks, président; L'honorable Ethel M. Cochrane, vice-présidente. |
| 260 | |aOttawa - Ontario : |bSénat. |cSeptembre 2005. |
| 300 | |a24p. |
| 490 | 1 |aRapport du Comité sénatorial permanent de l'énergie, de l'environnement et des ressources naturelles|v[38e législature, 1re session, 11e rapport] |
| 590 | |a11-12-Supp|b2011-07-29 |
| 775 | 08|tReport of the Standing Senate Committee on Energy, the Environment and Natural Resources on its fact-finding mission to Paris and Vienna, September 5 – 10, 2005 / |w(CaOODSP)9.570913 |
| 830 | #0|aRapport du Comité sénatorial permanent de l'énergie, de l'environnement et des ressources naturelles ;|v[38e législature, 1re session, 11e rapport]|w(CaOODSP)9.502804 |
| 856 | 40|ahttp://publications.gc.ca|qPDF|s96 Ko|uhttps://publications.gc.ca/collections/collection_2011/sen/yc26-0/YC26-0-381-11-fra.pdf|y[38e législature, 1re session, 11e rapport] |